000 00848nam a2200217Ia 4500
003 GCL
008 140319s9999 xx 000 0 ara d
040 _aGCL /
_cGCL
082 0 4 _a001.6424
_bل د
100 1 _aعبدالله بن عبدالله العبيد
245 1 0 _aدكتور ماكنتوش : افكار مفيدة, جرعات فنية ونصائح للسيطرة الكاملة على الماكينتوش /
_cعبدالله بن عبدالله العبيد
700 1 _aلافيتس، بوب
700 1 _aسرور على ابراهيم سرور
260 _a[S.N] :
_bالمكتبة الاكاديمية ،
_c1992
300 _a453 ص
490 _a
650 0 4 _aالحاسبات الالكترونية
650 0 4 _aالماكينتوش
650 0 4 _aبرامج الحاسبات الالكترونية
942 _2ddc
_cBK
999 _c56241
_d56241